书目信息 |
| 题名: |
华尔街之狼
|
|
| 作者: | 贝尔福特 著 ;苏鸿雁 译 | |
| 分册: | ||
| 出版信息: | 北京 中信出版社 2014.01 |
|
| 页数: | 385页 | |
| 开本: | 23cm | |
| 丛书名: | ||
| 单 册: | ||
| 中图分类: | F837.125.9 | |
| 科图分类: | ||
| 主题词: | 金融危机--研究--美国 , 金融危机 | |
| 电子资源: | ||
| ISBN: | 978-7-5086-4355-7 | |
| 000 | 01190nam0 2200289 450 | |
| 001 | 0120131184955 | |
| 005 | 20140611154303.14 | |
| 010 | @a978-7-5086-4355-7@dCNY45.00 | |
| 100 | @a20131204d2014 em y0chiy0110 ea | |
| 101 | 1 | @achi@ceng |
| 102 | @aCN@b110000 | |
| 105 | @ay z 000yy | |
| 106 | @ar | |
| 200 | 1 | @a华尔街之狼@9hua er jie zhi lang@dThe wolf of wall street@e电影珍藏版@f(美)乔丹·贝尔福特著@g苏鸿雁译@zeng |
| 205 | @a2版 | |
| 210 | @a北京@c中信出版社@d2014.01 | |
| 215 | @a385页@d23cm | |
| 330 | @a20世纪90年代,曾担任臭名昭著的投资公司Stratton Oakmont最高统治者的乔丹·贝尔福特,成了美国金融业最声名狼藉的名字之一:一个聪明、放纵的股市巨头带领他手下一群快乐的暴徒开始了狂野的旅程,他们离开了热闹非凡的华尔街,踏入了长岛一间宽敞的办公室里。现在,贝尔福特将为您讲述一个有关贪婪、权力和无节制的金融投资传奇。 | |
| 333 | @a金融投资从业者、莱昂纳多影迷等 | |
| 510 | 1 | @aWolf of wall street@zeng |
| 606 | 0 | @a金融危机@x研究@y美国 |
| 606 | 0 | @a金融危机 |
| 690 | @aF837.125.9@v5 | |
| 701 | 0 | @c(美)@a贝尔福特@9bei er fu te@c(Belfort, Jordan)@4著 |
| 702 | 0 | @a苏鸿雁@9su hong yan@4译 |
| 801 | 0 | @aCN@b人天书店@c20131205 |
| 905 | @b548979-82@dF837.125.9@e34=2@f4 | |
| 华尔街之狼=The wolf of wall street:电影珍藏版/(美)乔丹·贝尔福特著/苏鸿雁译.-2版.-北京:中信出版社,2014.01 |
| 385页;23cm |
| 使用对象:金融投资从业者、莱昂纳多影迷等 |
| ISBN 978-7-5086-4355-7:CNY45.00 |
| 20世纪90年代,曾担任臭名昭著的投资公司Stratton Oakmont最高统治者的乔丹·贝尔福特,成了美国金融业最声名狼藉的名字之一:一个聪明、放纵的股市巨头带领他手下一群快乐的暴徒开始了狂野的旅程,他们离开了热闹非凡的华尔街,踏入了长岛一间宽敞的办公室里。现在,贝尔福特将为您讲述一个有关贪婪、权力和无节制的金融投资传奇。 |
| ● |
| 相关链接 |
|
|
|
|
正题名:华尔街之狼
索取号:F837.125.9/34=2
 
预约/预借
| 序号 | 登录号 | 条形码 | 馆藏地/架位号 | 状态 | 备注 |
| 1 | 548979 | 205489791 | 第一样本阅览室/ [索取号:F837.125.9/34=2] | 在馆 | |
| 2 | 548980 | 205489808 | 第一借阅区/ [索取号:F837.125.9/34=2] | 在馆 | |
| 3 | 548981 | 205489817 | 第一借阅区/ [索取号:F837.125.9/34=2] | 在馆 | |
| 4 | 548982 | 205489826 | 第一借阅区/ [索取号:F837.125.9/34=2] | 在馆 |